[Event "16th EUR-ch"]
[Site "Jerusalem ISR"]
[Date "2015.02.25"]
[Round "2"]
[White "Smirin, Ilia"]
[Black "Kravtsiv, Martyn"]
[Result "1/2-1/2"]
[WhiteElo "2650"]
[BlackElo "2565"]
[EventDate "2015.02.24"]
[PlyCount "31"]

1.e4 e5 2.Nf3 Nc6 3.Bb5 a6 4.Ba4 Nf6 5.O-O Be7 6.Re1 b5 7.Bb3 O-O 8.c3 d5 
9.exd5 Nxd5 10.Nxe5 Nxe5 11.Rxe5 c6 12.d3 Bd6 13.Re1 Bf5 14.Qf3 Re8 15.Be3
Nxe3 16.Rxe3 1/2-1/2

[Event "16th EUR-ch"]
[Site "Jerusalem ISR"]
[Date "2015.02.25"]
[Round "2"]
[White "Gajewski, Grzegorz"]
[Black "Kogan, Artur"]
[Result "1-0"]
[WhiteElo "2646"]
[BlackElo "2555"]
[EventDate "2015.02.24"]
[PlyCount "64"]

1.d4 d5 2.c4 c6 3.Nf3 Nf6 4.e3 e6 5.b3 Bb4+ 6.Nbd2 c5 7.Bd3 cxd4 8.exd4 
Bc3 9.Rb1 Nc6 10.Qc2 Bxd4 11.Nxd4 Nxd4 12.Qc3 Nc6 13.Ba3 d4 14.Qb2 a5 15.
Rd1 Nb4 16.Nf3 O-O 17.O-O Re8 18.Ne5 Qb6 19.Qe2 Bd7 20.g4 Nxd3 21.Rxd3 Bc6
22.g5 Nd7 23.Nxd7 Bxd7 24.Qe5 a4 25.Rxd4 Ra5 26.c5 Qc6 27.b4 Raa8 28.Bb2 
f6 29.gxf6 Rf8 30.f7+ Rxf7 31.Rg4 Kh8 32.Rxg7 Qh1+ 1-0

[Event "16th EUR-ch"]
[Site "Jerusalem ISR"]
[Date "2015.02.25"]
[Round "2"]
[White "Can, Emre"]
[Black "Volokitin, Andrei"]
[Result "0-1"]
[WhiteElo "2555"]
[BlackElo "2646"]
[EventDate "2015.02.24"]
[PlyCount "166"]

1.d4 Nf6 2.c4 e6 3.Nf3 b6 4.g3 Ba6 5.Qb3 d5 6.cxd5 Qxd5 7.Qd1 Bb4+ 8.Nc3 
c5 9.Bg2 cxd4 10.Qa4+ Qd7 11.Qxb4 Nc6 12.Qa3 dxc3 13.bxc3 Rd8 14.Bg5 Na5 
15.O-O Bxe2 16.Rfe1 Nc4 17.Qb3 Bxf3 18.Bxf3 Nd6 19.Rad1 O-O 20.Rd4 Qe7 21.
Rf4 Rc8 22.c4 Rc5 23.Bxf6 gxf6 24.Rd1 Nf5 25.Qd3 Rcc8 26.Qc3 Rfd8 27.Rxd8+
Rxd8 28.Be4 Nd6 29.Rg4+ Kh8 30.Bc2 e5 31.Qf3 Qe6 32.Rh4 f5 33.Rh5 e4 34.
Qf4 f6 35.Bb3 Qe7 36.h3 Qg7 37.Kh2 Qg6 38.g4 Kg7 39.Rxf5 Nxf5 40.Qc7+ Qf7 
41.Qxd8 Qe7 42.Qxe7+ Nxe7 43.Kg3 Ng6 44.h4 h6 45.h5 Ne5 46.Kf4 Nd3+ 47.Ke3
Ne5 48.Kxe4 Nxg4 49.f3 Ne5 50.f4 Nd7 51.Kd5 Nc5 52.Bc2 Kf7 53.Kd6 Ke8 54.
Bg6+ Kf8 55.a3 Na4 56.Kc6 Ke7 57.Bc2 Nc5 58.Kc7 Ne6+ 59.Kb7 Kd6 60.Kxa7 
Kc7 61.f5 Ng7 62.Ka6 Kc6 63.Be4+ Kc5 64.Kb7 Nxh5 65.Kc7 Ng3 66.Bc2 h5 67.
Bd1 h4 68.Bg4 Ne4 69.Kd7 Ng5 70.Ke7 h3 71.Bxh3 Nxh3 72.Kxf6 Kxc4 73.Ke5 
Nf2 74.Kd6 Ng4 75.a4 Kb4 76.Kc6 Ka5 77.Kb7 Nf6 78.Kc6 Ne4 79.Kc7 Nc3 80.
Kc6 Nxa4 81.f6 Nc5 82.f7 Ne6 83.Kd6 Nf8 0-1

[Event "16th EUR-ch"]
[Site "Jerusalem ISR"]
[Date "2015.02.25"]
[Round "2"]
[White "Oparin, Grigoriy"]
[Black "Popov, Ivan"]
[Result "1/2-1/2"]
[WhiteElo "2551"]
[BlackElo "2639"]
[EventDate "2015.02.24"]
[PlyCount "64"]

1.e4 c6 2.d4 d5 3.e5 Bf5 4.Nd2 e6 5.Nb3 Nd7 6.Nf3 Ne7 7.Be2 Bg4 8.O-O Nf5 
9.h3 Bxf3 10.Bxf3 g6 11.a4 h5 12.a5 a6 13.Re1 Qh4 14.Ra4 Bg7 15.c4 O-O 16.
cxd5 cxd5 17.g3 Qe7 18.Qd3 Bh6 19.Nd2 Rac8 20.Bg2 Rc7 21.Nb3 Bxc1 22.Rxc1 
Rfc8 23.Qd2 Nb8 24.Raa1 Rxc1+ 25.Rxc1 Rxc1+ 26.Qxc1 Nc6 27.Qd2 Qd8 28.h4 
b6 29.Bh3 Nxa5 30.Nxa5 bxa5 31.Bxf5 exf5 32.Qc1 Qb6 1/2-1/2

[Event "16th EUR-ch"]
[Site "Jerusalem ISR"]
[Date "2015.02.25"]
[Round "2"]
[White "Ivanisevic, Ivan"]
[Black "Indjic, Aleksandar"]
[Result "1/2-1/2"]
[WhiteElo "2638"]
[BlackElo "2546"]
[EventDate "2015.02.24"]
[PlyCount "60"]

1.d4 Nf6 2.c4 e6 3.g3 Bb4+ 4.Bd2 Qe7 5.Bg2 d5 6.Nf3 O-O 7.O-O Bxd2 8.Qxd2 
Nc6 9.b3 Rd8 10.Qb2 a5 11.Nc3 dxc4 12.bxc4 Nxd4 13.Nxd4 Rxd4 14.Nd5 Rxd5 
15.cxd5 exd5 16.Rab1 b6 17.Rbc1 Bf5 18.Rfd1 Rd8 19.Rc6 h6 20.Qd4 Rd7 21.
Qf4 Bg6 22.Bf1 Kh7 23.Rdc1 Ne8 24.h4 h5 25.e3 Qd8 26.Bh3 Re7 27.Rd1 Qa8 
28.Rdc1 Qd8 29.Rd1 Qa8 30.Rdc1 Qd8 1/2-1/2

[Event "16th EUR-ch"]
[Site "Jerusalem ISR"]
[Date "2015.02.25"]
[Round "2"]
[White "Babula, Vlastimil"]
[Black "Najer, Evgeniy"]
[Result "0-1"]
[WhiteElo "2545"]
[BlackElo "2634"]
[EventDate "2015.02.24"]
[PlyCount "74"]

1.d4 Nf6 2.c4 g6 3.Nc3 Bg7 4.e4 d6 5.Nf3 O-O 6.Be2 e5 7.O-O Nc6 8.d5 Ne7 
9.b4 a5 10.Ba3 b6 11.bxa5 Rxa5 12.Bb4 Ra8 13.a4 Re8 14.Qb3 c5 15.Ba3 Bh6 
16.Bc1 Bxc1 17.Rfxc1 Rf8 18.Rcb1 Ra6 19.Nd2 Ne8 20.Nb5 f5 21.f3 Nf6 22.Qc3
g5 23.Ra3 Ng6 24.a5 bxa5 25.Rba1 Nf4 26.Bf1 fxe4 27.fxe4 Ng4 28.Rxa5 Rxa5 
29.Qxa5 Qf6 30.Nf3 Ne3 31.Qc7 Nh3+ 32.Kh1 Nf2+ 33.Kg1 Nh3+ 34.Kh1 g4 35.
Qxd6 gxf3 36.gxh3 Qg5 37.h4 Qg2+ 0-1

[Event "16th EUR-ch"]
[Site "Jerusalem ISR"]
[Date "2015.02.25"]
[Round "2"]
[White "Hracek, Zbynek"]
[Black "Kovalev, Vladislav"]
[Result "1/2-1/2"]
[WhiteElo "2631"]
[BlackElo "2531"]
[EventDate "2015.02.24"]
[PlyCount "76"]

1.e4 e5 2.Nf3 Nc6 3.Bb5 Nf6 4.d3 Bc5 5.O-O Nd4 6.Nxd4 Bxd4 7.c3 Bb6 8.Na3 
O-O 9.Nc4 c6 10.Nxb6 axb6 11.Ba4 d5 12.Bc2 dxe4 13.dxe4 Qxd1 14.Rxd1 Be6 
15.Be3 b5 16.a3 Rfd8 17.f3 Rxd1+ 18.Rxd1 Kf8 19.g3 Ke8 20.Kg2 Rd8 21.Ra1 
Nd7 22.Rd1 Nf8 23.Rxd8+ Kxd8 24.f4 f6 25.Bc5 Nd7 26.Bd6 g6 27.Kf3 Ke8 28.
h4 exf4 29.gxf4 f5 30.e5 Nb6 31.b3 Nd5 32.c4 bxc4 33.bxc4 Nb6 34.c5 Nd5 
35.a4 h5 36.a5 Nb4 37.Bd1 Na6 38.Be2 Kd7 1/2-1/2

[Event "16th EUR-ch"]
[Site "Jerusalem ISR"]
[Date "2015.02.25"]
[Round "2"]
[White "Khairullin, Ildar"]
[Black "Zoler, Dan"]
[Result "1/2-1/2"]
[WhiteElo "2629"]
[BlackElo "2527"]
[EventDate "2015.02.24"]
[PlyCount "59"]

1.d4 d5 2.c4 c6 3.Nc3 Nf6 4.e3 e6 5.Nf3 Nbd7 6.Qc2 Bd6 7.Bd3 O-O 8.O-O 
dxc4 9.Bxc4 b5 10.Be2 Bb7 11.e4 e5 12.dxe5 Nxe5 13.Nd4 Neg4 14.g3 Bxg3 15.
hxg3 Qxd4 16.Qd1 Qxd1 17.Rxd1 Rad8 18.Bf4 Rxd1+ 19.Rxd1 Re8 20.f3 Ne5 21.
Be3 a6 22.b3 h5 23.f4 Neg4 24.Bc5 Bc8 25.e5 Nd7 26.Ba7 Nf8 27.Bf3 Be6 28.
Bxc6 Rc8 29.Nd5 Ng6 30.Bb7 1/2-1/2

[Event "16th EUR-ch"]
[Site "Jerusalem ISR"]
[Date "2015.02.25"]
[Round "2"]
[White "Lupulescu, Constantin"]
[Black "Popilski, Gil"]
[Result "1-0"]
[WhiteElo "2626"]
[BlackElo "2517"]
[EventDate "2015.02.24"]
[PlyCount "149"]

1.Nf3 c5 2.c4 Nf6 3.d4 cxd4 4.Nxd4 b6 5.Nc3 Bb7 6.f3 e6 7.e4 d6 8.Be3 Be7 
9.Be2 O-O 10.O-O a6 11.Qd2 Re8 12.Rfd1 Nbd7 13.Bf1 Rc8 14.Rac1 Qc7 15.Kh1 
Qb8 16.Bg1 h5 17.Nc2 h4 18.Ne3 Qa8 19.h3 Qb8 20.Bf2 Ne5 21.Qe1 Ng6 22.Bd3 
Nh5 23.Ne2 Bg5 24.Rc3 Bc6 25.Ra3 Qb7 26.c5 Bxe3 27.Bxe3 bxc5 28.Bxa6 Qxb2 
29.Bc1 Qb8 30.Bxc8 Rxc8 31.Nc3 Re8 32.Be3 d5 33.Bxc5 Ng3+ 34.Kg1 dxe4 35.
fxe4 e5 36.Bf2 Nf4 37.Kh2 Re6 38.Nd5 Qb2 39.Rf3 Qxa2 40.Nxf4 exf4 41.Rxf4 
Rxe4 42.Rxe4 Bxe4 43.Qe3 f6 44.Qf4 Qe2 45.Re1 Qc2 46.Rc1 Qe2 47.Qxh4 Qxf2 
48.Qxg3 Qxg3+ 49.Kxg3 Kh7 50.Kf2 g5 51.Rc4 Bd5 52.Rd4 Ba8 53.g3 Kg6 54.h4 
Bh1 55.Ke3 Bb7 56.Kd3 Kh5 57.Kc4 gxh4 58.Rxh4+ Kg5 59.Rf4 f5 60.Kc5 Be4 
61.Kd6 Kf6 62.Rh4 Bd3 63.Rh6+ Kg5 64.Rh4 Kf6 65.Kd5 Be4+ 66.Kd4 Bc2 67.Ke3
Kg5 68.Rh7 Bb3 69.Rg7+ Kf6 70.Rb7 Bc2 71.Kf4 Bd3 72.Rb6+ Kg7 73.Kg5 Be4 
74.Rf6 Bc2 75.Rxf5 1-0

[Event "16th EUR-ch"]
[Site "Jerusalem ISR"]
[Date "2015.02.25"]
[Round "2"]
[White "Van Kampen, Robin"]
[Black "Baron, Tal"]
[Result "1/2-1/2"]
[WhiteElo "2626"]
[BlackElo "2510"]
[EventDate "2015.02.24"]
[PlyCount "46"]

1.e4 c5 2.Nf3 d6 3.Bb5+ Nd7 4.O-O a6 5.Bd3 Ngf6 6.Re1 b5 7.c4 bxc4 8.Bxc4 
Nb6 9.Bf1 e5 10.b4 cxb4 11.d4 Bb7 12.a3 Be7 13.axb4 Nxe4 14.b5 a5 15.Ba3 
O-O 16.dxe5 Re8 17.exd6 Bxd6 18.Bxd6 Qxd6 19.Qxd6 Nxd6 20.Rxe8+ Nxe8 21.
Ne5 Nd6 22.Nc3 f6 23.Nd3 Rc8 1/2-1/2

[Event "16th EUR-ch"]
[Site "Jerusalem ISR"]
[Date "2015.02.25"]
[Round "2"]
[White "Abasov, Nijat"]
[Black "Kempinski, Robert"]
[Result "1/2-1/2"]
[WhiteElo "2523"]
[BlackElo "2625"]
[EventDate "2015.02.24"]
[PlyCount "108"]

1.e4 c5 2.Nf3 d6 3.d4 cxd4 4.Nxd4 Nf6 5.Nc3 a6 6.Qd3 Nbd7 7.Be2 e6 8.a4 b6
9.Qg3 Bb7 10.f3 Be7 11.Qxg7 Rg8 12.Qh6 Rxg2 13.Be3 Rc8 14.Qh3 Rg6 15.O-O-O
Rxc3 16.bxc3 Qc7 17.Nb3 d5 18.Bd3 dxe4 19.fxe4 Ne5 20.Bd2 Nxe4 21.Rhf1 
Nxd2 22.Rxd2 Nxd3+ 23.Qxd3 Bg5 24.Kb2 Bxd2 25.Qxd2 Bd5 26.Qd4 Qc4 27.Qh8+ 
Ke7 28.Rf2 Qh4 29.Rd2 b5 30.Nd4 Qg5 31.Nc6+ Kd6 32.axb5 axb5 33.Nd4 Rg8 
34.Qxh7 Qxd2 35.Qxg8 Ke7 36.Qb8 Kf6 37.Nxb5 Qe2 38.Nd4 Qa6 39.Qd8+ Kg7 40.
Qg5+ Kf8 41.Qd8+ Kg7 42.Qg5+ Kf8 43.h4 Qa2+ 44.Kc1 Qa1+ 45.Kd2 Qf1 46.Qd8+
Kg7 47.Qg5+ Kf8 48.h5 f6 49.Qh6+ Ke7 50.Qg7+ Kd6 51.Qf8+ Kd7 52.Qg7+ Kd6 
53.Ne2 Bc4 54.Qf8+ Ke5 1/2-1/2

[Event "16th EUR-ch"]
[Site "Jerusalem ISR"]
[Date "2015.02.25"]
[Round "2"]
[White "Romanov, Evgeny"]
[Black "Barnaure, Vlad-Victor"]
[Result "1/2-1/2"]
[WhiteElo "2625"]
[BlackElo "2508"]
[EventDate "2015.02.24"]
[PlyCount "48"]

1.c4 Nf6 2.Nc3 e6 3.e4 d5 4.cxd5 exd5 5.e5 Ne4 6.d4 Nxc3 7.bxc3 c5 8.Bd3 
Nc6 9.Ne2 cxd4 10.cxd4 Bb4+ 11.Bd2 Qa5 12.Rc1 Bg4 13.f3 Bd7 14.Rc5 Qxa2 
15.Bxb4 Nxb4 16.Bb1 Qb2 17.O-O Rc8 18.Rxc8+ Bxc8 19.Qa4+ Nc6 20.Bd3 O-O 
21.Rb1 Qd2 22.Rd1 Qb2 23.Rb1 Qd2 24.Rd1 Qb2 1/2-1/2

[Event "16th EUR-ch"]
[Site "Jerusalem ISR"]
[Date "2015.02.25"]
[Round "2"]
[White "Rasulov, Vugar"]
[Black "Bukavshin, Ivan"]
[Result "0-1"]
[WhiteElo "2508"]
[BlackElo "2622"]
[EventDate "2015.02.24"]
[PlyCount "100"]

1.e4 c5 2.Nf3 e6 3.d4 cxd4 4.Nxd4 Nc6 5.Nc3 Qc7 6.Be3 a6 7.Bd3 b5 8.O-O 
Bb7 9.Nxc6 Qxc6 10.Bd4 Nf6 11.Qe2 b4 12.Bxf6 gxf6 13.Nd5 f5 14.c3 Be7 15.
Nxe7 Kxe7 16.f3 Qc5+ 17.Kh1 fxe4 18.fxe4 bxc3 19.Rac1 Qe5 20.Rxc3 f6 21.
Qe3 Rhg8 22.Rc5 Qxb2 23.Bc2 f5 24.Rc7 Rad8 25.Qc5+ Ke8 26.Rb1 Qg7 27.g3 
Bxe4+ 28.Bxe4 fxe4 29.Rc8 Rxc8 30.Qxc8+ Ke7 31.Qc5+ Kf7 32.Rf1+ Kg6 33.g4 
d5 34.g5 h6 35.Qd6 Kh7 36.h4 hxg5 37.Qxe6 Rf8 38.Rf5 Qa1+ 39.Kh2 Qxa2+ 40.
Kg3 Qb3+ 41.Kg2 Qc2+ 42.Kh3 Qd3+ 43.Kh2 Qe2+ 44.Kh3 Qe3+ 45.Kh2 Rxf5 46.
Qxf5+ Kh6 47.Qf8+ Kh5 48.Qh8+ Kg4 49.h5 Qf2+ 50.Kh1 Kh3 0-1

[Event "16th EUR-ch"]
[Site "Jerusalem ISR"]
[Date "2015.02.25"]
[Round "2"]
[White "Swiercz, Dariusz"]
[Black "Raznikov, Danny"]
[Result "1/2-1/2"]
[WhiteElo "2617"]
[BlackElo "2494"]
[EventDate "2015.02.24"]
[PlyCount "130"]

1.e4 e5 2.Nf3 Nc6 3.Bb5 a6 4.Ba4 Nf6 5.d3 b5 6.Bb3 Bc5 7.O-O O-O 8.Nc3 h6 
9.Nd5 d6 10.c3 Ba7 11.Nxf6+ Qxf6 12.Bd5 Bd7 13.a4 Bb6 14.Be3 Rab8 15.axb5 
axb5 16.Bxb6 Rxb6 17.Nd2 Ne7 18.Ra7 Nxd5 19.exd5 Rc8 20.Qe2 Bf5 21.Ne4 Qg6
22.Qe3 Rbb8 23.Rfa1 Bd7 24.Qg3 Qxg3 25.hxg3 Be8 26.g4 f6 27.b3 h5 28.gxh5 
Bxh5 29.f3 Bf7 30.c4 bxc4 31.bxc4 Be8 32.g4 Rb3 33.Ra8 Rbb8 34.Rxb8 Rxb8 
35.Ra7 Rc8 36.Kf2 Bg6 37.Ke3 Bxe4 38.Kxe4 Kf7 39.d4 exd4 40.Kxd4 f5 41.
gxf5 Kf6 42.c5 dxc5+ 43.Kxc5 Kxf5 44.Kc6 Ke5 45.Ra5 Kf4 46.Kd7 Rf8 47.Kxc7
Kxf3 48.d6 Kg4 49.Ra4+ Kg3 50.Ra3+ Kg4 51.d7 g5 52.Kd6 Kf4 53.Ra1 Rd8 54.
Rf1+ Ke3 55.Re1+ Kf2 56.Re4 Kf3 57.Re8 Rxd7+ 58.Kxd7 g4 59.Rf8+ Ke3 60.Rg8
Kf3 61.Ke6 g3 62.Ke5 g2 63.Kd4 Kf2 64.Ke4 g1=Q 65.Rxg1 Kxg1 1/2-1/2

[Event "16th EUR-ch"]
[Site "Jerusalem ISR"]
[Date "2015.02.25"]
[Round "2"]
[White "Klein, David"]
[Black "Demchenko, Anton"]
[Result "0-1"]
[WhiteElo "2505"]
[BlackElo "2615"]
[EventDate "2015.02.24"]
[PlyCount "120"]

1.b3 Nf6 2.Bb2 g6 3.Bxf6 exf6 4.c4 d5 5.cxd5 Qxd5 6.Nc3 Qa5 7.e3 c6 8.g3 
Ba3 9.Rb1 O-O 10.Bg2 Na6 11.Nge2 Bf5 12.e4 Bg4 13.O-O Rad8 14.f3 Bc5+ 15.
Kh1 Bc8 16.d4 Bxd4 17.b4 Qb6 18.Qe1 Be6 19.b5 Bxc3 20.Nxc3 cxb5 21.Rxb5 
Qc6 22.Rb2 Nc5 23.Qa1 Bc4 24.Rc1 Qe6 25.Rbc2 b6 26.Bf1 Bxf1 27.Rxf1 Qe5 
28.Nd5 Qxa1 29.Rxa1 Kg7 30.g4 Rh8 31.Kg2 h5 32.h3 hxg4 33.hxg4 f5 34.gxf5 
gxf5 35.Rg1 Kf8 36.Nc3 Rh5 37.exf5 Rg5+ 38.Kf1 Rxf5 39.Rg3 Rd3 40.Kg2 Re5 
41.Nb5 Rd7 42.Rg4 Red5 43.a4 a6 44.Nc3 Rd4 45.Ne4 Nxe4 46.Rxe4 Rxe4 47.
fxe4 Rd4 48.a5 bxa5 49.Kf3 Rd7 50.Rc8+ Ke7 51.Ra8 Rd6 52.e5 Rb6 53.Ke4 a4 
54.Rc8 a3 55.Rc3 Rb4+ 56.Kf5 Ra4 57.Rc7+ Kd8 58.Rc1 a2 59.Ra1 Ke7 60.e6 
Ra5+ 0-1

[Event "16th EUR-ch"]
[Site "Jerusalem ISR"]
[Date "2015.02.25"]
[Round "2"]
[White "Andersen, Mads"]
[Black "Grandelius, Nils"]
[Result "0-1"]
[WhiteElo "2494"]
[BlackElo "2609"]
[EventDate "2015.02.24"]
[PlyCount "120"]

1.d4 d5 2.c4 e6 3.Nf3 Nf6 4.g3 Bb4+ 5.Bd2 Bd6 6.Bg2 c6 7.O-O Nbd7 8.b3 Ne4
9.Nc3 Nxd2 10.Qxd2 f5 11.Ng5 Nf6 12.f3 O-O 13.Rad1 Bc7 14.Qc1 Bd7 15.f4 
Rc8 16.c5 b6 17.b4 Rb8 18.Nf3 Qc8 19.Ne5 bxc5 20.bxc5 Qa6 21.h3 Bxe5 22.
fxe5 Ne4 23.Bxe4 dxe4 24.Qd2 Be8 25.Rb1 Bg6 26.e3 Bh5 27.Rxb8 Rxb8 28.Rb1 
Rxb1+ 29.Nxb1 Bf3 30.Kf2 g5 31.Nc3 Kg7 32.Ne2 Qc4 33.Ng1 Bh5 34.Ne2 Qd3 
35.Ke1 Qb1+ 36.Nc1 Bf3 37.Kf2 a5 38.Ke1 Bg2 39.h4 h6 40.Kf2 Bf3 41.a4 Kg6 
42.hxg5 hxg5 43.g4 Bxg4 44.Kg3 Bh5 45.Kh3 Qa1 46.Qc2 Kh6 47.Kg3 Qa3 48.Kf2
Bf3 49.Na2 Kh5 50.Nc3 Kg4 51.Nb1 Qd3 52.Qxd3 exd3 53.Ke1 f4 54.Kd2 Kf5 55.
exf4 Kxf4 56.Nc3 g4 57.d5 g3 58.d6 g2 59.d7 g1=Q 60.d8=Q Qe3# 0-1

[Event "16th EUR-ch"]
[Site "Jerusalem ISR"]
[Date "2015.02.25"]
[Round "2"]
[White "Solak, Dragan"]
[Black "Kjartansson, Gudmundur"]
[Result "1-0"]
[WhiteElo "2607"]
[BlackElo "2484"]
[EventDate "2015.02.24"]
[PlyCount "89"]

1.e4 e5 2.Nf3 Nc6 3.Bb5 a6 4.Bxc6 dxc6 5.O-O f6 6.d4 exd4 7.Nxd4 c5 8.Ne2 
Qxd1 9.Rxd1 Bd7 10.Be3 O-O-O 11.Nbc3 Bd6 12.Bf4 Bxf4 13.Nxf4 Ne7 14.f3 f5 
15.Ncd5 Rhe8 16.Nxe7+ Rxe7 17.exf5 Bxf5 18.Rxd8+ Kxd8 19.Rd1+ Rd7 20.Rxd7+
Kxd7 21.c3 g5 22.Nd5 Bb1 23.a3 Kc6 24.Nf6 a5 25.Kf2 b5 26.Ke3 Bg6 27.g4 b4
28.c4 h6 29.Ne4 Bf7 30.Nd2 Be6 31.a4 Kd6 32.Ne4+ Ke5 33.b3 Bd7 34.Nxc5 Bc6
35.Nd3+ Kd6 36.f4 gxf4+ 37.Kxf4 Bg2 38.h4 Bf1 39.Ke3 Bh3 40.Kf3 h5 41.gxh5
Bf5 42.Ke3 c5 43.h6 Bg6 44.Nf4 Bh7 45.Nh3 1-0

[Event "16th EUR-ch"]
[Site "Jerusalem ISR"]
[Date "2015.02.25"]
[Round "2"]
[White "Sadzikowski, Daniel"]
[Black "Zubov, Alexander"]
[Result "1/2-1/2"]
[WhiteElo "2492"]
[BlackElo "2607"]
[EventDate "2015.02.24"]
[PlyCount "85"]

1.d4 Nf6 2.c4 e6 3.Nc3 Bb4 4.e3 O-O 5.Ne2 d5 6.a3 Be7 7.cxd5 exd5 8.Nf4 c6
9.Bd3 a5 10.O-O Na6 11.Bc2 Nc7 12.f3 c5 13.Na4 cxd4 14.Nb6 Rb8 15.Qxd4 Be6
16.Bd3 Na6 17.Bxa6 bxa6 18.Na4 Rc8 19.b3 Bf5 20.Bb2 Bc2 21.Rac1 Bxb3 22.
Rxc8 Qxc8 23.Rc1 Qf5 24.Nb6 h5 25.h3 h4 26.a4 Re8 27.Qc3 Ba2 28.Qc6 Rd8 
29.Qc7 Re8 30.Qc6 Rd8 31.Qc7 Re8 32.Nc8 Bf8 33.Bd4 Bc4 34.Nd6 Bxd6 35.Qxd6
Qd7 36.Qb6 Qe7 37.Rb1 Nd7 38.Qxa5 Qd6 39.Rb7 Nf8 40.Qc3 Ne6 41.Nxe6 Qxe6 
42.a5 Qg6 43.Qb2 1/2-1/2

[Event "16th EUR-ch"]
[Site "Jerusalem ISR"]
[Date "2015.02.25"]
[Round "2"]
[White "Goganov, Aleksey"]
[Black "Batsiashvili, Nino"]
[Result "1-0"]
[WhiteElo "2605"]
[BlackElo "2475"]
[EventDate "2015.02.24"]
[PlyCount "51"]

1.d4 d5 2.c4 e6 3.Nc3 Bb4 4.e3 c5 5.cxd5 exd5 6.Ne2 Nc6 7.a3 Bxc3+ 8.bxc3 
Bf5 9.f3 Nf6 10.g4 Nxg4 11.fxg4 Qh4+ 12.Ng3 Be4 13.Rg1 Qxh2 14.Nxe4 dxe4 
15.Rg2 Qh4+ 16.Kd2 O-O 17.Kc2 Rac8 18.Kb1 Rfd8 19.Raa2 Ne5 20.Be2 Rc6 21.
Rd2 cxd4 22.cxd4 Rdc8 23.Bb2 Ng6 24.g5 Rd8 25.Qg1 Ne5 26.Rh2 1-0

[Event "16th EUR-ch"]
[Site "Jerusalem ISR"]
[Date "2015.02.25"]
[Round "2"]
[White "Firat, Burak"]
[Black "Potkin, Vladimir"]
[Result "1/2-1/2"]
[WhiteElo "2486"]
[BlackElo "2605"]
[EventDate "2015.02.24"]
[PlyCount "51"]

1.e4 c5 2.Nf3 e6 3.d4 cxd4 4.Nxd4 Nc6 5.Nc3 Qc7 6.Be2 a6 7.O-O Nf6 8.Be3 
Be7 9.f4 d6 10.Kh1 O-O 11.Qe1 Nxd4 12.Bxd4 b5 13.a3 Bb7 14.Qg3 Rad8 15.Bd3
Rd7 16.Rae1 Re8 17.Re3 g6 18.Ref3 Nh5 19.Qh3 Bf6 20.Bxf6 Nxf6 21.Qh4 Qd8 
22.Rh3 Nh5 23.Qg4 Nf6 24.Qh4 Nh5 25.Qg4 Nf6 26.Qh4 1/2-1/2

[Event "16th EUR-ch"]
[Site "Jerusalem ISR"]
[Date "2015.02.25"]
[Round "2"]
[White "Alexandrov, Alexei"]
[Black "Chekhov, Sergei"]
[Result "1/2-1/2"]
[WhiteElo "2603"]
[BlackElo "2470"]
[EventDate "2015.02.24"]
[PlyCount "55"]

1.d4 Nf6 2.c4 e6 3.Nf3 b6 4.a3 Bb7 5.Nc3 d5 6.cxd5 Nxd5 7.Bd2 Be7 8.Qc2 
O-O 9.e4 Nxc3 10.Bxc3 Nd7 11.Rd1 Rc8 12.Bc4 Nf6 13.Bd3 c5 14.Qe2 Qc7 15.
O-O cxd4 16.Bxd4 Qb8 17.Rfe1 Rfd8 18.h3 Nd7 19.Bb1 h6 20.Rd2 Bf6 21.Bxf6 
Nxf6 22.e5 Nd7 23.Be4 Bxe4 24.Qxe4 Nc5 25.Rxd8+ Rxd8 26.Qc2 a5 27.b3 Qa8 
28.Re2 1/2-1/2

[Event "16th EUR-ch"]
[Site "Jerusalem ISR"]
[Date "2015.02.25"]
[Round "2"]
[White "Neverov, Valeriy"]
[Black "Marin, Mihail"]
[Result "1/2-1/2"]
[WhiteElo "2485"]
[BlackElo "2603"]
[EventDate "2015.02.24"]
[PlyCount "82"]

1.d4 d5 2.c4 e6 3.Nc3 Nf6 4.Bg5 Nbd7 5.cxd5 exd5 6.e3 h6 7.Bh4 Be7 8.Bd3 
O-O 9.Nf3 b6 10.O-O Bb7 11.Qe2 c5 12.Ba6 Qc8 13.Bxb7 Qxb7 14.dxc5 bxc5 15.
Rfd1 Rfd8 16.Rd2 Nb6 17.Rad1 Qc6 18.h3 Qe6 19.Rc2 Rd7 20.a4 g5 21.Bg3 Ne4 
22.a5 Nxg3 23.fxg3 Nc4 24.Nxd5 Rxd5 25.Rxd5 Qxd5 26.Rxc4 Rb8 27.Kh2 a6 28.
Rc2 Rb5 29.e4 Qe6 30.Qe1 g4 31.hxg4 Qxg4 32.e5 Qh5+ 33.Nh4 Rb4 34.Qe2 Qxe2
35.Rxe2 Bxh4 36.gxh4 Rxh4+ 37.Kg3 Ra4 38.e6 Kf8 39.Rf2 Rxa5 40.Rxf7+ Ke8 
41.Kf4 Rb5 1/2-1/2

[Event "16th EUR-ch"]
[Site "Jerusalem ISR"]
[Date "2015.02.25"]
[Round "2"]
[White "Grigoryan, Karen"]
[Black "Yilmazyerli, Mert"]
[Result "1-0"]
[WhiteElo "2596"]
[BlackElo "2465"]
[EventDate "2015.02.24"]
[PlyCount "101"]

1.e4 g6 2.d4 Bg7 3.Nc3 d6 4.f4 Nf6 5.Nf3 c5 6.dxc5 Qa5 7.Bd3 Qxc5 8.Qe2 
O-O 9.Be3 Qa5 10.O-O Bg4 11.Rad1 Nc6 12.Qe1 Bxf3 13.Rxf3 Ng4 14.Bc1 Qc5+ 
15.Kh1 Bd4 16.Nd5 Nf2+ 17.Rxf2 Bxf2 18.Qe2 Bh4 19.g3 e6 20.b4 Qd4 21.Nc7 
Bf6 22.Nxa8 Rxa8 23.b5 Nb4 24.Bc4 Qa1 25.a3 Na2 26.Be3 Qb2 27.Rxd6 Nc3 28.
Qd3 Qxa3 29.e5 Bg7 30.Bd2 Nb1 31.Qxa3 Nxa3 32.Bd3 Bf8 33.Bb4 Nb1 34.c4 Rc8
35.c5 Nc3 36.Bxc3 Rxc5 37.Bb4 Bxd6 38.exd6 Rd5 39.Be2 b6 40.Kg2 Rd4 41.Ba3
Kf8 42.Bf3 Rd2+ 43.Kg1 f6 44.d7+ Kf7 45.Bc6 Rd3 46.Kf2 Rd2+ 47.Ke3 Rd1 48.
Bb4 h6 49.Bd2 Ke7 50.Ke2 Rb1 51.Bc3 1-0

[Event "16th EUR-ch"]
[Site "Jerusalem ISR"]
[Date "2015.02.25"]
[Round "2"]
[White "Ducarmon, Quinten"]
[Black "Shimanov, Aleksandr"]
[Result "0-1"]
[WhiteElo "2482"]
[BlackElo "2594"]
[EventDate "2015.02.24"]
[PlyCount "66"]

1.e4 d6 2.d4 Nf6 3.Nc3 e5 4.Nf3 Nbd7 5.Bc4 Be7 6.a4 O-O 7.O-O c6 8.a5 Rb8 
9.Qe2 exd4 10.Nxd4 Ne5 11.Bb3 c5 12.Nf5 Bxf5 13.exf5 Qd7 14.f4 Nc6 15.Ba4 
d5 16.g4 Rfe8 17.Qg2 c4 18.Be3 d4 19.Rad1 Bc5 20.Bf2 h5 21.h3 hxg4 22.hxg4
a6 23.g5 Nh5 24.Bxc6 bxc6 25.Qf3 Qxf5 26.Bxd4 g6 27.Bxc5 Qxc5+ 28.Qf2 Qf5 
29.Rd2 Rxb2 30.Na4 Ra2 31.Nc3 Ra3 32.Qd4 c5 33.Qxc4 Re3 0-1

[Event "16th EUR-ch"]
[Site "Jerusalem ISR"]
[Date "2015.02.25"]
[Round "2"]
[White "Hovhannisyan, Robert"]
[Black "Sanal, Vahap"]
[Result "1-0"]
[WhiteElo "2592"]
[BlackElo "2460"]
[EventDate "2015.02.24"]
[PlyCount "67"]

1.e4 e5 2.Nf3 Nc6 3.Bb5 a6 4.Ba4 Nf6 5.O-O Be7 6.d3 b5 7.Bb3 d6 8.a3 O-O 
9.Nc3 Be6 10.Nd5 Nd4 11.Nxd4 exd4 12.Nxf6+ Bxf6 13.Bxe6 fxe6 14.a4 c5 15.
Bd2 Qd7 16.b3 e5 17.Qe2 Rfc8 18.f4 c4 19.axb5 cxb3 20.cxb3 axb5 21.b4 exf4
22.Rxa8 Rxa8 23.Bxf4 Qe6 24.Rc1 h6 25.h3 Ra4 26.Qh5 Be5 27.Bxe5 dxe5 28.
Rc5 Rxb4 29.Rxe5 Rb1+ 30.Kf2 Qf6+ 31.Rf5 Qc6 32.Rc5 Qa6 33.Qd5+ Kh8 34.Qf5
1-0

[Event "16th EUR-ch"]
[Site "Jerusalem ISR"]
[Date "2015.02.25"]
[Round "2"]
[White "Givon, Asaf"]
[Black "Ipatov, Alexander"]
[Result "0-1"]
[WhiteElo "2473"]
[BlackElo "2592"]
[EventDate "2015.02.24"]
[PlyCount "108"]

1.e4 e5 2.Nf3 Nc6 3.Bb5 a6 4.Ba4 Nf6 5.O-O Be7 6.Re1 b5 7.Bb3 d6 8.c3 O-O 
9.d4 Bg4 10.Be3 Bh5 11.Nbd2 Na5 12.dxe5 dxe5 13.h3 Qc8 14.Bc2 Rd8 15.Qe2 
c5 16.Nf1 Qe6 17.Ng3 Bxf3 18.Qxf3 g6 19.Qe2 h5 20.Nf1 c4 21.Nd2 Nb7 22.b3 
Nd6 23.bxc4 bxc4 24.a4 Rac8 25.Rab1 Rc6 26.Rb2 Rdc8 27.Reb1 Nd7 28.f4 exf4
29.Bxf4 Ne5 30.Rb8 Bf6 31.Nf3 Nd3 32.Bxd3 cxd3 33.Qxd3 Qxe4 34.Rxc8+ Rxc8 
35.Qxe4 Nxe4 36.Rb6 a5 37.Be5 Bxe5 38.Nxe5 Rxc3 39.Rb5 Rc1+ 40.Kh2 h4 41.
Nf3 Rc5 42.Nxh4 Kf8 43.Nf3 Rxb5 44.axb5 Ke7 45.Ne5 a4 46.Nc4 Nc3 47.b6 Kd8
48.h4 Nd5 49.b7 Kc7 50.g4 Kxb7 51.Kg3 Kc6 52.Kf3 Kc5 53.Na3 Kb4 54.Nb1 g5 
0-1

[Event "16th EUR-ch"]
[Site "Jerusalem ISR"]
[Date "2015.02.25"]
[Round "2"]
[White "Svetushkin, Dmitry"]
[Black "Sarana, Alexey"]
[Result "1/2-1/2"]
[WhiteElo "2592"]
[BlackElo "2419"]
[EventDate "2015.02.24"]
[PlyCount "128"]

1.e4 c5 2.Nf3 d6 3.Bb5+ Nd7 4.c3 Nf6 5.Qe2 a6 6.Ba4 e6 7.O-O Be7 8.d4 b5 
9.Bc2 cxd4 10.cxd4 Bb7 11.Nc3 O-O 12.a3 Rc8 13.h3 Nb6 14.Bf4 Nc4 15.Bd3 
Qb6 16.Rac1 Rc7 17.Rfd1 Rfc8 18.e5 Nd5 19.Nxd5 Bxd5 20.Ng5 h6 21.Ne4 dxe5 
22.dxe5 Nxe5 23.Rxc7 Qxc7 24.Re1 Nxd3 25.Bxc7 Nxe1 26.Be5 Rc1 27.Kh2 f5 
28.Qe3 Nd3 29.Qxd3 fxe4 30.Qg3 Bf8 31.Bc3 Rc2 32.h4 a5 33.h5 b4 34.axb4 
axb4 35.Bd4 Rd2 36.Be3 Rd3 37.Qb8 Kf7 38.Qc7+ Kg8 39.Qd7 Rd1 40.g4 Ra1 41.
Kg3 Ra8 42.Bd4 Rb8 43.g5 hxg5 44.Kg4 Rb7 45.Qe8 Re7 46.Qd8 Rf7 47.Kxg5 e3 
48.fxe3 Bf3 49.Qe8 Rf5+ 50.Kh4 Rxh5+ 51.Kg3 Rf5 52.Qxe6+ Rf7 53.Qe8 Bh5 
54.Qc8 Re7 55.Qc6 Bf7 56.Bc5 Re6 57.Qc8 Re8 58.Qc7 Bxc5 59.Qxc5 b3 60.Kf4 
Bg6 61.Qc6 Kh7 62.Qd5 Rf8+ 63.Kg5 Bf7 64.Qd4 Re8 1/2-1/2

[Event "16th EUR-ch"]
[Site "Jerusalem ISR"]
[Date "2015.02.25"]
[Round "2"]
[White "Battaglini, Gabriel"]
[Black "Vovk, Yuri"]
[Result "0-1"]
[WhiteElo "2460"]
[BlackElo "2588"]
[EventDate "2015.02.24"]
[PlyCount "70"]

1.d4 Nf6 2.c4 g6 3.Nc3 d5 4.Nf3 Bg7 5.Qa4+ Bd7 6.Qb3 dxc4 7.Qxc4 O-O 8.Bf4
b5 9.Nxb5 c5 10.Nc3 cxd4 11.Nxd4 Qb6 12.Nb3 Be6 13.Qa4 Nc6 14.Rc1 Rac8 15.
Be3 Qb8 16.g3 Nd5 17.Bc5 Nxc3 18.bxc3 Bd5 19.Rg1 Rfd8 20.Bh3 e6 21.c4 Be4 
22.f3 Bxf3 23.exf3 Ne5 24.Qxa7 Nd3+ 25.Kf1 Qe5 26.Bd4 Qh5 27.Bg4 Qxh2 28.
Rg2 Bxd4 29.Nxd4 Qh1+ 30.Rg1 Qh6 31.Rc2 Ra8 32.Qb7 Nc5 33.Qe7 Rxd4 34.Qxc5
Qe3 35.Qb4 Rd1+ 0-1